What I didn't see : and other stories /

Hlavní autor: Fowler, Karen Joy, 1950-
Jazyk: Angličtina
Vydáno: Easthampton, MA : Small Beer Press, 2013
Vydání: First paperback edition
Témata:
Fyzický popis: 197 stran ; 22 cm
Knihy
Uloženo v:
LEADER 00997nam a2200289 i 4500
001 001544053
003 CZ BrMZK
005 20161027120705.0
007 ta
008 160919s2013 xxu g 000 j eng
020 |a 978-1-931520-48-5  |q (brožováno) 
040 |a BOA001  |b cze  |e rda 
072 7 |a 821.111(73)-3  |x Americká próza  |2 Konspekt  |9 25 
080 |a 821.111(73)-32  |2 MRF 
080 |a (0:82-32)  |2 MRF 
100 1 |a Fowler, Karen Joy,  |d 1950-  |7 xx0031614  |4 aut 
245 1 0 |a What I didn't see :  |b and other stories /  |c Karen Joy Fowler 
250 |a First paperback edition 
264 1 |a Easthampton, MA :  |b Small Beer Press,  |c 2013 
300 |a 197 stran ;  |c 22 cm 
336 |a text  |b txt  |2 rdacontent 
337 |a bez média  |b n  |2 rdamedia 
338 |a svazek  |b nc  |2 rdacarrier 
655 7 |a americké příběhy  |7 fd131795  |2 czenas 
910 |a BOA001  |b 2-1375.098 
990 |a BK 
996 7 |b 2610682580  |c 2-1375.098  |l Americká knihovna/3.patro  |r ZHR  |n 4  |p dar  |h F-fow  |w 001579386  |u 000010  |a 0  |e BOA001  |j MZK50  |s A